000 00310nam a2200145Ia 4500
100 _aHeltihewa/ Sanjaya
942 _cBK
654 _aT.Y.
245 _aT.Y. Active Server P. 2.0. IN 21 days
260 _bTechmedia
_c1999
082 _a5.133
_bASP(W)
300 _a724
546 _aENGLISH
999 _c24476
_d24476